| 000 | 00660nam a2200217 u 4500 | ||
|---|---|---|---|
| 005 | 20240228064210.0 | ||
| 008 | 150312s1991 ea r 000 0 spa d | ||
| 020 | _a0590468707 | ||
| 035 | _aUPN01000202455 | ||
| 049 | _aI | ||
| 050 | 4 |
_aPZ7 _bC3.72 |
|
| 100 | 1 |
_aCaseley, Judith, _d1951- _936896 |
|
| 245 | 1 | 0 |
_aHarry, Willy y coco rojo / _cJudith Caseley. |
| 260 |
_aNew York. : _bScholastic, _c1991. |
||
| 300 |
_a[23] p. : _bil. col. |
||
| 534 |
_pTítulo original: _tHarry and Willy and carrothead |
||
| 650 | 7 |
_aLiteratura infantil estadounidense _2 _99173 |
|
| 650 | 4 |
_aLibros y lectura para niños _92290 |
|
| 905 | _aInfantil | ||
| 999 |
_c174556 _d174556 |
||